LotR: Bregalad's Song - Statistics

General Stats
  • This quiz has been taken 5 times
  • The average score is 4 of 8
Answer Stats
Answer % Correct
Upon your head how golden-red the {crown} you bore aloft!
100%
O {Orofarne}, Lassemista, Carnimirie!
67%
O {Orofarne}, Lassemista, Carnimirie!
67%
O rowan fair, upon your hair how white the {blossom} lay!
67%
O rowan mine, I saw you shine upon a {summers} day,
67%
Your crown is spilled, your voice is {stilled} for ever and a day.
67%
O rowan dead, upon your head your {hair} is dry and grey;
0%
Your rind so bright, your leaves so light, your {voice} so cool and soft:
0%
No matching quizzes found
Score Distribution
Percent of People with Each Score
Percentile by Number Answered
Your Score History
You have not taken this quiz